Central Library OPAC University of Rajshahi

Authenticity and Islamic liberalism / (Record no. 32704)

MARC details
000 -LEADER
fixed length control field 00789nam a2200277 a 4500
001 - CONTROL NUMBER
control field 32704
003 - CONTROL NUMBER IDENTIFIER
rucl marc code BD-RjUL
005 - DATE AND TIME OF LATEST TRANSACTION
control field 20211209051901.0
008 - FIXED-LENGTH DATA ELEMENTS--GENERAL INFORMATION
fixed length control field 140428s1987 ii b 001 0 eng d
035 ## - SYSTEM CONTROL NUMBER
System control number (BD-RjUL)32794
040 ## - CATALOGING SOURCE
Original cataloging agency DLC
Transcribing agency DLC
Modifying agency DLC
-- BD-RjUL
Language of cataloging eng
041 ## - LANGUAGE CODE
Language code of text/sound track or separate title eng
082 00 - DEWEY DECIMAL CLASSIFICATION NUMBER
Classification number 297
Edition number 20
Author mark and year KHA 1987
100 1# - MAIN ENTRY--PERSONAL NAME
Personal name Khwaja, Jamal,
Dates associated with a name 1928-
9 (RLIN) 99474
245 10 - TITLE STATEMENT
Title Authenticity and Islamic liberalism /
Statement of responsibility, etc. Jamal Khwaja.
260 ## - PUBLICATION, DISTRIBUTION, ETC. (IMPRINT)
Place of publication, distribution, etc. New Delhi :
Name of publisher, distributor, etc. Allied Publishers,
Date of publication, distribution, etc. 1987.
300 ## - PHYSICAL DESCRIPTION
Pagination x, 139 p. ;
Size 22 cm.
500 ## - GENERAL NOTE
General note Includes index.
504 ## - BIBLIOGRAPHY, ETC. NOTE
Bibliography, etc Bibliography: p. [103]-133.
520 ## - SUMMARY, ETC.
Summary, etc. With special reference to India.
650 #0 - SUBJECT ADDED ENTRY--TOPICAL TERM
Topical term or geographic name as entry element Islam.
9 (RLIN) 99475
Topical term or geographic name as entry element Islam
Geographic subdivision India.
9 (RLIN) 99476
942 ## - ADDED ENTRY ELEMENTS (KOHA)
Source of classification or shelving scheme Dewey Decimal Classification
Koha item type Books
Holdings
Lost status Source of classification or shelving scheme Damaged status Not for loan Collection code Permanent Location Current Location Shelving location Date acquired Source of acquisition Cost, normal purchase price Total Checkouts Full call number Date last seen Copy number Koha item type
  Dewey Decimal Classification   Not For Loan Non-fiction Central Library, University of Rajshahi Central Library, University of Rajshahi Reading Room 10/03/1991 Academic pub. 225.00   297 KHA 1987 28/04/2014 C-1 Books